Nueva gramática italiana (Record no. 152180)

MARC details
000 -LEADER
campo de control de longitud fija 00752nam a2200169 i 4500
001 - NÚMERO DE CONTROL
campo de control 152180
003 - IDENTIFICADOR DE NÚMERO DE CONTROL
campo de control ES-MaACL
005 - FECHA Y HORA DE LA ÚLTIMA TRANSACCIÓN
campo de control 20230906204552.0
008 - DATOS DE LONGITUD FIJA--INFORMACIÓN GENERAL
campo de control de longitud fija 931025s1843 fr |||| | spa d
040 ## - FUENTE DE CATALOGACIÓN
Centro catalogador/agencia de origen PAB
Lengua de catalogación spa
100 1# - ENTRADA PRINCIPAL--NOMBRE DE PERSONA
Nombre de persona Blanc Saint Hilaire, Marie Jean.
9 (RLIN) 126001
245 10 - MENCIÓN DEL TÍTULO
Título Nueva gramática italiana
Resto del título : explicada en español y formada sobre los mejores autores, con diálogos, cartas familiares y piezas sacudidas de los mejores autores, algunas con la traducción, etc. /
Mención de responsabilidad, etc. por S. H. Blanc.
260 ## - PUBLICACIÓN, DISTRIBUCIÓN, ETC.
Lugar de publicación, distribución, etc. Leon :
Nombre del editor, distribuidor, etc. Libreria Cormon y Blanc ;
Lugar de publicación, distribución, etc. Paris :
Nombre del editor, distribuidor, etc. Blanc y Hervier,
Fecha de publicación, distribución, etc. 1843 (
Lugar de fabricación/manufactura Roanne :
Fabricante Imprenta de Ferlay)
300 ## - DESCRIPCIÓN FÍSICA
Extensión 216 p. ;
Dimensiones 18 cm.
650 #4 - PUNTO DE ACCESO ADICIONAL DE MATERIA--TÉRMINO DE MATERIA
Término de materia o nombre geográfico como elemento de entrada Lengua italiana-
Subdivisión general Gramática.
9 (RLIN) 14290
852 ## - LOCALIZACIÓN
Ubicación ES-MaACL
Número de control de estantería D-2598
Nota libre -- Enc. hol.
Holdings
Estatus retirado Estado de pérdida Estado de daño No para préstamo Colección Biblioteca de origen Biblioteca actual Ubicación en estantería Fecha de adquisición Fuente de adquisición Total de préstamos Signatura topográfica completa Código de barras Visto por última vez Precio de reemplazo Tipo de ítem Koha
        Libros del s. XIX Biblioteca del Ateneo de Madrid Biblioteca del Ateneo de Madrid Sala Valle Inclán 17/01/2008     D-2598 901158873 23/02/2023 23/02/2023 Libro impreso antiguo